| 000 | 00760cam a22002291 4500 | ||
|---|---|---|---|
| 001 | agr26001585 | ||
| 003 | DLC | ||
| 005 | 20260227110946.0 | ||
| 008 | 820106s1926 gw ab b 000 0 ger c | ||
| 010 | _aagr26001585 | ||
| 035 | _a(OCoLC)8042996 | ||
| 040 |
_aLibrary, U.S. Dept. of Agriculture _cNbU _dNbU _dDLC |
||
| 042 | _apremarc | ||
| 050 | 0 | 0 |
_aS471.C6 _bW3 |
| 070 | 0 |
_a34.1 _bW12 |
|
| 100 | 1 |
_aWagner, Wilhelm, _d1886- |
|
| 245 | 1 | 4 |
_aDie chinesische Landwirtschaft, _cvon Dr. Wilhelm Wagner. Mit 204 Textabbildungen und 2 Karten. |
| 260 |
_aBerlin, _bP. Parey, _c1926. |
||
| 300 |
_axv, 668 p. incl. illus., tables, diagrs. _b2 fold. maps. _c25 cm. |
||
| 504 | _a"Verzeichnis der wichtigsten Literatur": p. [661]-668. | ||
| 650 | 0 |
_aAgriculture _zChina. |
|
| 999 |
_c9071 _d9071 |
||